000 00908nam a22002057a 4500
003 0
005 20250213143933.0
008 250213b xxu||||| |||| 00| 0 eng d
050 _aSH 328
_b.F73 2023
100 _aFrancina, Giancarlo P.
245 _aFishergo:
_ba service fishing application to monitor cultivation in fisheries in the Philippines.
_cGiancarlo P. Francina
260 _aLas Pinas City
_bSouthville International School and Colleges
_c2023
300 _axiv, 156 pages:
_bcolored pictures and illustration;
_c28cm.
500 _aBachelor of Science in Information Technology.
504 _aIncludes bibliographical references and appendices.
650 _aFisheries Management—Monitoring -- Digital applications.
650 _aAquaculture technology—Fish cultivation -- Resource tracking.
650 _aMobile applications—Fishery -- Aquaculture data systems.
942 _2lcc
_cTH
999 _c367206
_d367206